Los campeones mundiales de ajedrez / (Record no. 68103)

MARC details
000 -LEADER
campo de control de longitud fija 00496nam a2200181 i 4500
001 - NÚMERO DE CONTROL
campo de control 68103
003 - IDENTIFICADOR DE NÚMERO DE CONTROL
campo de control ES-MaACL
005 - FECHA Y HORA DE LA ÚLTIMA TRANSACCIÓN
campo de control 20230906170215.0
007 - CAMPO FIJO DE DESCRIPCIÓN FÍSICA--INFORMACIÓN GENERAL
campo de control de longitud fija t|
008 - DATOS DE LONGITUD FIJA--INFORMACIÓN GENERAL
campo de control de longitud fija 040610s1972 sp ||||1| spa d
100 1# - ENTRADA PRINCIPAL--NOMBRE DE PERSONA
Nombre de persona Ganzo, Julio.
9 (RLIN) 53894
245 14 - MENCIÓN DEL TÍTULO
Título Los campeones mundiales de ajedrez /
Mención de responsabilidad, etc. Julio Ganzo.
250 ## - MENCION DE EDICION
Mención de edición 2ª ed., act.
260 ## - PUBLICACIÓN, DISTRIBUCIÓN, ETC.
Lugar de publicación, distribución, etc. Madrid :
Nombre del editor, distribuidor, etc. Aguilera,
Fecha de publicación, distribución, etc. [1972]
300 ## - DESCRIPCIÓN FÍSICA
Extensión 377 p. :
Otras características físicas il. ;
Dimensiones 21 cm.
650 #4 - PUNTO DE ACCESO ADICIONAL DE MATERIA--TÉRMINO DE MATERIA
Término de materia o nombre geográfico como elemento de entrada Ajedrecistas.
9 (RLIN) 168423
852 ## - LOCALIZACIÓN
Ubicación ES-MaACL
Número de control de estantería C-52000
Sublocalización o colección R.85140
Holdings
Estatus retirado Estado de pérdida Estado de daño No para préstamo Biblioteca de origen Biblioteca actual Ubicación en estantería Fecha de adquisición Fuente de adquisición Total de préstamos Signatura topográfica completa Código de barras Visto por última vez Precio de reemplazo Tipo de ítem Koha
        Biblioteca del Ateneo de Madrid Biblioteca del Ateneo de Madrid Depósito 2 17/01/2008     C-52000 1071296 23/02/2023 23/02/2023 Libro impreso